[Event "TCh-AUT 2 Ost 2011-12"]
[Site "Bruck AUT"]
[Date "2011.10.16"]
[Round "2"]
[White "Koffler,D"]
[Black "Hofmann,T"]
[Result "0-1"]
[WhiteElo "2220"]
[BlackElo "2060"]

1.d4 Nf6 2.Bg5 Ne4 3.Bf4 d5 4.e3 Bf5 5.Bd3 e6 6.Ne2 g5 7.Be5 f6 8.Bg3 Bg7
9.f3 Nxg3 10.hxg3 Bxd3 11.Qxd3 f5 12.g4 Qd7 13.Ng3 O-O 14.Nd2 Nc6 15.O-O-O Nb4
16.Qb3 c5 17.Rh5 h6 18.a3 Na6 19.c3 cxd4 20.exd4 fxg4 21.Ne2 Nc7 22.Rdh1 Qb5
23.Qxb5 Nxb5 24.Kd1 gxf3 25.Nxf3 Nd6 26.Ne5 Ne4 27.Ke1 Rf2 28.Ng4 Rxe2+ 29.Kxe2 Ng3+
30.Ke3 Nxh5 31.Rxh5 Kh7 32.Nf2 Rf8 33.Rh1 Kg6 34.g4 Rf4 35.Rh3 e5 36.dxe5 Bxe5
37.Nd3 Re4+ 38.Kf3 Bf4 39.Nxf4+ Rxf4+ 40.Kg3 d4 41.cxd4 Rxd4 42.Rh1 Rd3+
43.Kf2 Rd2+ 44.Kf3 Rxb2 45.Rd1 Rb3+ 46.Ke4 Rb6 47.Rd8 Ra6 48.Rd4 h5 49.gxh5+ Kxh5
50.Rd7 Rxa3 51.Rxb7 Kh4 52.Kf5 g4 53.Kf4 Ra4+ 54.Ke3 Kh3 55.Kf2 g3+ 56.Kf3 Ra3+
57.Kf4 Kh2  0-1

[Event "Chigorin Memorial Open"]
[Site "St Petersburg RUS"]
[Date "2011.10.19"]
[Round "6.29"]
[White "Vlasenko,M"]
[Black "Popov,Val"]
[Result "1-0"]
[WhiteElo "2382"]
[BlackElo "2545"]

1.d4 Nf6 2.Bg5 Ne4 3.Bf4 c5 4.f3 Qa5+ 5.c3 Nf6 6.d5 Qb6 7.Bc1 e6 8.c4 Qb4+
9.Bd2 Qxc4 10.e4 Qd4 11.Nc3 exd5 12.Nge2 Qe5 13.Bf4 Qe6 14.exd5 Qb6 15.d6 Nc6
16.Qd2 h6 17.O-O-O g6 18.Re1 Bg7 19.Nd5 Nxd5 20.Nc3+ Kd8 21.Nxd5 Qa5 22.Qe2 c4
23.Nc7 Bxb2+ 24.Kb1  1-0

[Event "Chigorin Memorial Open"]
[Site "St Petersburg RUS"]
[Date "2011.10.19"]
[Round "6.81"]
[White "Sichinava,Z"]
[Black "Gumirov,K"]
[Result "1-0"]
[WhiteElo "2372"]
[BlackElo "2057"]

1.d4 Nf6 2.Bg5 Ne4 3.Bh4 c6 4.c3 Qa5 5.Qd3 d5 6.f3 g5 7.fxe4 gxh4 8.Nd2 Bh6
9.Ngf3 dxe4 10.Qxe4 h3 11.gxh3 Qh5 12.Nc4 Kf8 13.Rg1 Nd7 14.Qg4 Nf6 15.Qxh5 Nxh5
16.Nce5 Be3 17.Rh1 Rg8 18.a4 Be6 19.a5 a6 20.Ra4 Rc8 21.Nc4 Bc1 22.b3 c5
23.Nb6 Bxb3 24.Ra1 Bb2 25.Rb1 Bxc3+ 26.Kf2 Rc6 27.Rxb3 cxd4 28.Nd7+ Ke8 29.Rxb7 Rc8
30.Nde5 Nf6 31.e3 dxe3+ 32.Kxe3 Nd5+ 33.Kf2 Bxa5 34.Bxa6 Rc2+ 35.Be2 Bb6+
36.Rxb6 Nxb6 37.Rb1 Nc8 38.Nd4 Rc7 39.Bh5 e6 40.Nxe6 Rc2+ 41.Ke3 Ke7 42.Nf4 Nd6
43.Nf3 Ra8 44.Kd3  1-0

[Event "Chigorin Memorial Open"]
[Site "St Petersburg RUS"]
[Date "2011.10.22"]
[Round "9.114"]
[White "Dushin,N"]
[Black "Edilsultanova,Zalina"]
[Result "1-0"]
[WhiteElo "1993"]
[BlackElo "1621"]

1.d4 Nf6 2.Bg5 Ne4 3.Bf4 c5 4.d5 d6 5.Nd2 Nf6 6.e4 g6 7.Bb5+ Bd7 8.Be2 Bg7
9.c3 O-O 10.g4 Bc8 11.h4 e6 12.dxe6 fxe6 13.Be3 Qc7 14.h5 d5 15.hxg6 hxg6
16.Qc2 Kf7 17.Nh3 b6 18.Ng5+ Ke7 19.O-O-O Nc6 20.exd5 exd5 21.Qxg6 Kd8 22.Nh7 Rf7
23.Nxf6 Bxf6 24.Ne4 Bg7 25.Rxd5+ Ke7 26.Ng5 Kf8 27.Nxf7 Ne7 28.Rd8+ Qxd8
29.Qxg7+ Kxg7 30.Nxd8 Bd7 31.Rd1 Rxd8 32.Bb5  1-0

[Event "26th Le Touquet Open"]
[Site "Le Touquet FRA"]
[Date "2011.10.23"]
[Round "2.24"]
[White "Pluyaud,B"]
[Black "Delerme,R"]
[Result "1-0"]
[WhiteElo "2031"]
[BlackElo "1905"]

1.d4 Nf6 2.Bg5 Ne4 3.Bh4 g5 4.f3 gxh4 5.fxe4 c5 6.e3 Bg7 7.Nf3 Qb6 8.b3 Nc6
9.c3 d6 10.Bc4 Bf6 11.O-O Rg8 12.e5 dxe5 13.Nxe5 Nd8 14.Qd3 Bxe5 15.Qxh7 Bxh2+
16.Kxh2 Qg6 17.Qxg6 Rxg6 18.Na3 a6 19.dxc5 Be6 20.Rad1 Nc6 21.Rf4 Ne5 22.Rxh4 Ng4+
23.Kg1 Rg8 24.Bxe6 fxe6 25.Nc4 Rc8 26.Rd4 Nf6 27.b4 Nd5 28.Rd3 Kf7 29.e4 Nf6
30.Rf3 Ke8 31.Rxf6 exf6 32.Nd6+ Kd7 33.Nxc8 Kxc8 34.Rf4 Rg6 35.Rf3 Kc7 36.Rd3 Rg4
37.Re3 Kc6 38.a4 Rf4 39.g3 Rg4 40.Kf2 Rg5 41.Rd3 Re5 42.Kf3 f5 43.exf5 Rxf5+
44.Kg4 Re5 45.Kh4 Re1 46.g4 e5 47.Kg3 Rg1+ 48.Kf3 e4+ 49.Kxe4 Rxg4+ 50.Ke3 Rg3+
51.Kd2 Rg2+ 52.Kc1 Ra2 53.Rd6+ Kc7 54.a5 Rh2 55.Rd2 Rh7 56.Kb2 Rh4 57.Rd1 Rf4
58.Kb3 Re4 59.Rd6 Rf4 60.Rb6 Re4 61.c4 Re3+ 62.Kc2 Rh3 63.Rd6 Rh1 64.Rd1 Rh2+
65.Kb3 Rh3+ 66.Kc2 Rh2+ 67.Rd2 Rh3 68.Re2 Rg3 69.Kb2 Rh3 70.Re7+ Kc6 71.Re6+ Kc7
72.b5 axb5 73.cxb5 Rh5 74.b6+ Kd7 75.Rd6+ Kc8 76.Rd3 Rh4 77.Kb3 Re4 78.Rc3 Kd7
79.a6 bxa6 80.c6+ Kc8 81.Rg3 Re8 82.Kb4 a5+ 83.Kxa5 Kb8 84.Ka6  1-0

[Event "19th Skopje Open"]
[Site "Skopje MKD"]
[Date "2011.10.24"]
[Round "1"]
[White "Veleski,R"]
[Black "Konstantinov,Alek2"]
[Result "1-0"]
[WhiteElo "2265"]
[BlackElo "1710"]

1.d4 Nf6 2.Bg5 Ne4 3.Bf4 d5 4.Nd2 Nxd2 5.Qxd2 Bf5 6.Nf3 e6 7.e3 Bd6 8.Bxd6 cxd6
9.c4 dxc4 10.Bxc4 d5 11.Bb5+ Nc6 12.Bxc6+ bxc6 13.O-O f6 14.Rfc1 Qb6 15.Rc5 O-O
16.Rac1 Rab8 17.b3 Rfc8 18.Qc3 Qa6 19.Ra5 Qb6 20.h3 Bg6 21.Qc5 Qxc5 22.Rcxc5 Rb7
23.Ra6 Be8 24.Nd2 Bd7 25.a3 Rcc7 26.b4 Rb6 27.Raa5 Kf7 28.Nb3 Ke7 29.Rc1 Kd6
30.Rac5 Rb8 31.R5c3 Rb5 32.Kf1 e5 33.f3 h5 34.h4 Rb6 35.Kf2 Rbb7 36.Rd1 Bf5
37.e4 Be6 38.Nc5 Rb5 39.dxe5+ fxe5 40.Nxe6 Kxe6 41.exd5+ Rxd5 42.Rdc1 Kd6
43.Ke3 a5 44.bxa5 Rxa5 45.Rd1+ Rd5 46.Rxd5+ Kxd5 47.Rd3+ Ke6 48.Kd2 Rb7 49.Kc2 Kf5
50.Rc3 Rb6 51.g3 Ke6 52.Rd3 Rb7 53.a4 Rb4 54.Ra3 Kd5 55.a5 Rb7 56.a6 Ra7
57.Kc3 Kc5 58.Ra5+ Kb6 59.Rxe5 Rxa6 60.Kd4 Ra4+ 61.Ke3 Ra3+ 62.Kf4 Ra5 63.Re7 Ra7
64.Rxa7 Kxa7 65.g4 g6 66.Ke5 Kb6 67.g5 Kb5 68.f4 c5 69.f5 c4 70.Kd4 Kb4 71.f6 c3
72.f7  1-0

[Event "12th Liberec Open"]
[Site "Liberec CZE"]
[Date "2011.10.25"]
[Round "4"]
[White "Kucera,P3"]
[Black "Kulhanek,T"]
[Result "1/2-1/2"]
[WhiteElo "2158"]
[BlackElo "2371"]

1.d4 Nf6 2.Bg5 Ne4 3.Bf4 c5 4.f3 Qa5+ 5.c3 Nf6 6.d5 d6 7.e4 g6 8.Nd2 Bg7
9.Nc4 Qd8 10.a4 O-O 11.Ne2 Nbd7 12.g4 h5 13.h3 b6 14.Be3 Ne5 15.Nf4 h4 16.Nxe5 dxe5
17.Ng2 e6 18.dxe6 Bxe6 19.Qxd8 Rfxd8 20.Nxh4 Ne8 21.c4 Nd6 22.b3 Nb7 23.Be2 Na5
24.Rb1 Nc6 25.Kf2 Nd4 26.Rbd1 Nc2 27.Rxd8+ Rxd8 28.Ng2 Nxe3 29.Nxe3 Bf6 30.Nd5 Bh4+
31.Kg2 Kg7 32.Bd3 Rb8 33.Rd1 Rb7 34.Nc3 Rd7 35.Ne2 Bg5 36.Kg3 Be3 37.h4 f5
38.exf5 gxf5 39.Bc2 Bd2 40.Kh3 e4 41.fxe4  1/2-1/2

[Event "33rd Arco Open"]
[Site "Arco ITA"]
[Date "2011.10.26"]
[Round "5"]
[White "Del Monaco,A"]
[Black "Loi,A"]
[Result "1-0"]
[WhiteElo "2315"]
[BlackElo "1993"]

1.d4 Nf6 2.Bg5 Ne4 3.Bf4 d5 4.f3 Nf6 5.Nc3 c6 6.e4 e6 7.Qd3 b6 8.Nge2 Ba6
9.Qe3 Be7 10.g4 dxe4 11.fxe4 Nxg4 12.Qf3 Nf6 13.O-O-O O-O 14.Rg1 Kh8 15.e5 Nd5
16.Ne4 Bxe2 17.Bxe2 Nxf4 18.Qxf4 Nd7 19.h4 Bxh4 20.Rg4 Be7 21.Rh1 f5 22.Rxg7  1-0

[Event "8th Lippe Cup"]
[Site "Lieme GER"]
[Date "2011.10.28"]
[Round "1.1"]
[White "Stork,J"]
[Black "Gutman,L"]
[Result "0-1"]
[WhiteElo "1991"]
[BlackElo "2450"]

1.d4 Nf6 2.Bg5 Ne4 3.Bf4 d5 4.Nd2 Nd6 5.e3 g6 6.Ngf3 Bg7 7.Be2 O-O 8.O-O c6
9.c4 dxc4 10.Nxc4 Nxc4 11.Bxc4 Bg4 12.Qb3 Bxf3 13.gxf3 Qc8 14.Rfd1 Nd7 15.Rac1 e5
16.Bg3 Bf6 17.dxe5 Nxe5 18.Be2 Bg7 19.f4 Ng4 20.f5 gxf5 21.Bd6 Re8 22.Bc4 Ne5
23.Bxe5 Rxe5 24.Bxf7+ Kh8 25.f4 Re7 26.Rd6 Qc7  0-1

[Event "33rd Arco Open"]
[Site "Arco ITA"]
[Date "2011.10.29"]
[Round "8"]
[White "De Santis,A"]
[Black "Stella,A"]
[Result "1/2-1/2"]
[WhiteElo "2307"]
[BlackElo "2447"]

1.d4 Nf6 2.Bg5 Ne4 3.Bf4 c5 4.f3 Qa5+ 5.c3 Nf6 6.Nd2 cxd4 7.Nb3 Qb6 8.Qxd4 Nc6
9.Qxb6 axb6 10.Be3 b5 11.Bd2 e6  1/2-1/2

[Event "World Youth U16 Ol"]
[Site "Kocaeli TUR"]
[Date "2011.10.31"]
[Round "10.13"]
[White "Walid,Anwar"]
[Black "Rindlisbacher,L"]
[Result "0-1"]
[WhiteElo "1833"]
[BlackElo "2217"]

1.d4 Nf6 2.Bg5 Ne4 3.Bf4 c5 4.f3 Qa5+ 5.c3 Nf6 6.Nd2 cxd4 7.Nb3 Qb6 8.Qxd4 Nc6
9.Qxb6 axb6 10.Nd4 e5 11.Nxc6 exf4 12.Nd4 Nd5 13.e4 fxe3 14.Bc4 Nc7 15.Nc2 b5
16.Bd3 Bc5 17.Ne2 O-O 18.Ned4 b4 19.Nb3 Bb6 20.Nxb4 d6 21.Ke2 Re8 22.Be4 Be6
23.Rhd1 Rad8 24.Bd5 Bc5 25.Bxe6 Nxe6 26.Nd5 Ba7 27.Nc1 f5 28.Nd3 Kf7 29.h4 g6
30.N3f4 Nc5 31.Nc7 Re5 32.Nb5 Bb8 33.c4 Ne6 34.Nd5 Re8 35.g3 f4 36.g4 Rc8
37.b3 h6 38.Nb4 Rxb5 39.cxb5 Ba7 40.Rac1 Rxc1 41.Rxc1 Nd4+ 42.Kd3 Nxf3 43.Rc7+ Ke6
44.Rxb7 Ne5+ 45.Ke2 f3+ 46.Ke1 Bc5 47.Nc2 Nd3+ 48.Kd1 e2+ 49.Kd2 Nf4  0-1

[Event "Venetian Autumn Masters 2011"]
[Site "Venice ITA"]
[Date "2011.10.31"]
[Round "3.14"]
[White "Allegranti,L"]
[Black "Cardarelli,A"]
[Result "0-1"]
[WhiteElo "2025"]
[BlackElo "2018"]

1.d4 Nf6 2.Bg5 Ne4 3.Bf4 c5 4.f3 Qa5+ 5.c3 Nf6 6.Nd2 Qb6 7.Nc4 Qe6 8.e4 d5
9.Bxb8 Rxb8 10.Qa4+ b5 11.Qxa7 Rb7 12.Qxc5 bxc4 13.O-O-O g6 14.exd5 Qf5 15.Nh3 Bh6+
16.f4 Bxf4+ 17.Nxf4 Qxf4+ 18.Kb1 O-O 19.Qxc4 Ne4 20.Qe2 Nxc3+  0-1

[Event "15th OIBM"]
[Site "Bad Wiessee GER"]
[Date "2011.11.01"]
[Round "4.61"]
[White "Pfadenhauer,J"]
[Black "Seyb,D"]
[Result "0-1"]
[WhiteElo "1817"]
[BlackElo "2252"]

1.d4 Nf6 2.Bg5 Ne4 3.Bf4 Nc6 4.f3 e5 5.fxe4 exf4 6.Nf3 g5 7.d5 g4 8.dxc6 gxf3
9.Qd4 fxg2 10.Bxg2 Qh4+ 11.Kd1 Rg8 12.Nc3 dxc6 13.Bf3 Be6 14.Kc1 Rg5 15.e5 Bg7
16.Qb4 Qf2 17.Nd1 Qb6 18.Qxf4 Rg6 19.Kb1 O-O-O 20.Qe3  0-1

[Event "II Latin American Cup"]
[Site "Montevideo URU"]
[Date "2011.11.01"]
[Round "1.25"]
[White "Mahia,G"]
[Black "Cori,Kevin"]
[Result "1-0"]
[WhiteElo "2386"]
[BlackElo "1902"]

1.d4 Nf6 2.Bg5 Ne4 3.Bf4 c5 4.f3 Qa5+ 5.c3 Nf6 6.d5 d6 7.e4 g6 8.a4 Bg7 9.Na3 O-O
10.Nc4 Qd8 11.Qd2 Na6 12.Ne2 Nc7 13.Ng3 Re8 14.Be2 Bf8 15.O-O Rb8 16.Rad1 Bd7
17.a5 b5 18.axb6 axb6 19.Bh6 b5 20.Bxf8 Rxf8 21.Ne3 Rb6 22.f4 e6 23.dxe6 Bxe6
24.e5 Nfe8 25.Ne4 Bb3 26.exd6 Ne6 27.d7 Bxd1 28.Bxd1 N8c7 29.f5 Ng5 30.Nxc5 Qe7
31.b4 Rd6 32.Qf2 Ne4 33.Nxe4 Qxe4 34.Bc2 Qe5 35.fxg6 hxg6 36.Ng4 Qxc3 37.Nf6+ Rxf6
38.Qxf6 Qxf6 39.Rxf6 Rd8 40.Bb3 Rxd7 41.Rxg6+ Kf8 42.Rf6 Kg7 43.Rc6 Ne8 44.Rc5 Nd6
45.Rd5 Kf6 46.Kf2 Ke7 47.Ke3 Rc7 48.Rc5 Ra7 49.Kd4 Ra1 50.Re5+ Kd7 51.Re2 Rc1
52.Bc2 Rf1 53.Bd3 Rd1 54.Kc3 Kc6 55.Rf2 Re1 56.Rf1 Re5 57.h4 Kd5 58.Rh1 Re3
59.Rh3 Rxh3 60.gxh3 f5 61.h5 Ke5 62.h6 Kf6 63.Kd4 f4 64.h7 Kg7 65.Ke5 Nc8
66.Kxf4 Nb6 67.Ke5 Na4 68.Bxb5 Nc3 69.Bc6  1-0

[Event "15th OIBM"]
[Site "Bad Wiessee GER"]
[Date "2011.11.03"]
[Round "6.29"]
[White "Smirnov,Arte"]
[Black "Heimrath,R"]
[Result "0-1"]
[WhiteElo "2444"]
[BlackElo "2299"]

1.d4 Nf6 2.Bg5 Ne4 3.Bf4 c5 4.f3 Qa5+ 5.c3 Nf6 6.d5 Qb6 7.Bc1 e6 8.e4 exd5
9.exd5 d6 10.c4 Bf5 11.Nc3 Nbd7 12.Nge2 h6 13.Ng3 Bg6 14.Be2 Be7 15.O-O O-O
16.f4 Rfe8 17.b3 Bf8 18.Bb2 a6 19.Bd3 Bxd3 20.Qxd3 Qa5 21.h3 b5 22.cxb5 c4
23.bxc4 Qb6+ 24.Kh2 Re3 25.Qd2 axb5 26.Nf5 Ree8 27.cxb5 g6 28.Nd4 Bg7 29.Rae1 Rxe1
30.Rxe1 Qc5 31.Nc6 Nb6 32.Ba1 Qc4 33.g3 Nfxd5 34.Ne7+ Nxe7 35.Rxe7 d5 36.Qe2 d4
37.Re8+ Rxe8 38.Qxe8+ Kh7  0-1

[Event "II Latin American Cup"]
[Site "Montevideo URU"]
[Date "2011.11.04"]
[Round "6.43"]
[White "Ulaneo,R"]
[Black "Carbone,D"]
[Result "1/2-1/2"]
[WhiteElo "2155"]
[BlackElo "2030"]

1.d4 Nf6 2.Bg5 Ne4 3.Bf4 e6 4.e3 b6 5.Bd3 Bb7 6.f3 Nf6 7.e4 d5 8.e5 Nfd7
9.Qe2 c5 10.c3 Nc6 11.Be3 cxd4 12.cxd4 Nb4 13.Bb5 a6 14.Ba4 b5 15.Bd1 Rc8
16.Nh3 Nb6 17.a3 Nc6 18.O-O Nc4 19.Bf2 b4 20.a4 Be7 21.f4 g6 22.b3 Na3 23.Nd2 Qb6
24.Nf3 a5 25.Qd2 h6 26.Be2 Kd7 27.Rac1 Rc7 28.Be3 Rhc8 29.Nf2 Nd8 30.Rxc7+ Qxc7
31.Rc1 Qxc1+ 32.Qxc1 Rxc1+  1/2-1/2

[Event "III Tancat IM"]
[Site "Barcelona ESP"]
[Date "2011.11.05"]
[Round "6"]
[White "Avila Jimenez,J"]
[Black "Sanchez Ibern,M"]
[Result "1/2-1/2"]
[WhiteElo "2279"]
[BlackElo "2337"]

1.d4 Nf6 2.Bg5 Ne4 3.Bf4 e6 4.f3 Bd6 5.Bxd6 Nxd6 6.e4 O-O 7.Bd3 f5 8.e5 Qh4+
9.g3 Qxd4 10.exd6 Qxb2 11.Nd2 Qe5+ 12.Ne2 Qxd6 13.O-O Nc6 14.Rf2 b6 15.Nc3 a6
16.Nb3 Bb7 17.Bf1 Qxd1 18.Rxd1 d6 19.f4 Kf7 20.Bg2 Nd8 21.Nd4 Bxg2 22.Kxg2 b5
23.Re2 Re8 24.Rde1 g6 25.a4 c6 26.Nf3 h6 27.Kf2 Rc8 28.h4 b4 29.Na2 c5 30.h5 gxh5
31.Rh1 Kg6 32.Nc1 Nf7 33.Nb3 e5 34.Rd2 e4 35.Nh4+ Kf6 36.Rd5 c4 37.Rxf5+ Kg7
38.Nd4 b3 39.c3 Rc5 40.Ke3 Rxf5 41.Ndxf5+ Kf6 42.Kd4 Rc8 43.Ne3 Nd8 44.Nd5+ Ke6
45.Kxe4 Rc5 46.f5+ Kf7 47.Nf3 Ra5 48.Nb6 Nb7 49.Nxc4 d5+ 50.Kd4 dxc4  1/2-1/2

[Event "TCh-AUT 2 Ost 2011-12"]
[Site "Vienna AUT"]
[Date "2011.11.06"]
[Round "4"]
[White "Vass,Frant2"]
[Black "Siroky,J"]
[Result "1-0"]
[WhiteElo "2296"]
[BlackElo "2166"]

1.d4 Nf6 2.Bg5 Ne4 3.h4 d5 4.Nd2 Nd6 5.Ngf3 f6 6.Bf4 Be6 7.e3 Nd7 8.Bd3 c5
9.Bxd6 exd6 10.c3 Be7 11.Qb1 Nf8 12.Nf1 Qd7 13.a4 c4 14.Bc2 O-O-O 15.Ng3 g6
16.a5 Qe8 17.a6 b6 18.b3 Kb8 19.Ne2 Qc6 20.Nd2 Rg8 21.Nf4 Bf7 22.bxc4 dxc4
23.Ba4 Qc7 24.e4 Rc8 25.Nd5 Qd8 26.Qb4 f5 27.Nxc4 fxe4 28.Ncxb6 axb6 29.Nxe7 Qc7
30.a7+ Qxa7 31.Qxd6+ Qc7 32.Nc6+ Kb7 33.Bb5 Ra8 34.Qxc7+  1-0

[Event "2nd Brno Open"]
[Site "Brno CZE"]
[Date "2011.11.13"]
[Round "2"]
[White "Vavra,P1"]
[Black "Spirliadis,A"]
[Result "1-0"]
[WhiteElo "2389"]
[BlackElo "2036"]

1.d4 Nf6 2.Bg5 Ne4 3.h4 d5 4.Nd2 Nxg5 5.hxg5 Nc6 6.Ngf3 Bg4 7.c3 Qd6 8.Rh4 Bxf3
9.Nxf3 e5 10.dxe5 Nxe5 11.Qd4 Nc6 12.Qd3 O-O-O 13.Rxh7 Rxh7 14.Qxh7 Qf4 15.e3 Qa4
16.Bd3 Kb8 17.Qf5 d4 18.exd4 Re8+ 19.Kf1 Re7 20.Bb5 Qa5 21.Qd5 Rd7 22.Qxd7 Qxb5+
23.Kg1 Be7 24.Re1  1-0

[Event "TCh-CZE Liga 1 Zapad"]
[Site "Czech Rep CZE"]
[Date "2011.11.13"]
[Round "3.2"]
[White "Vavra,P1"]
[Black "Oral,T"]
[Result "1/2-1/2"]
[WhiteElo "2389"]
[BlackElo "2526"]

1.d4 Nf6 2.Bg5 Ne4 3.h4 c5 4.d5 g6 5.Nd2 Nxg5 6.hxg5 Bg7 7.c3 b5 8.e4 b4
9.Rh3 O-O 10.f4 bxc3 11.bxc3 f6 12.gxf6 Rxf6 13.f5 e6 14.dxe6 dxe6 15.Bc4 gxf5
16.Qh5 Rh6 17.Qxf5 Kh8 18.Qxc5 Nd7 19.Qe3 Qb6 20.Qxb6 Nxb6 21.Rxh6 Bxh6 22.Bb3 a5
23.Rb1 a4 24.Bc2 Bxd2+ 25.Kxd2 Nc4+ 26.Ke2 Na3 27.Rb2 Ba6+ 28.Bd3 Rg8 29.Ke3 Nc4+
30.Bxc4 Bxc4 31.Nf3 Bf1 32.Ne1 Rc8 33.Kd4 Rc4+ 34.Ke5 Rxc3 35.Kxe6 a3 36.Rc2 Rxc2
37.Nxc2 Bxg2 38.Kf5 h5 39.Kg5  1/2-1/2

[Event "21st World Seniors"]
[Site "Rijeka CRO"]
[Date "2011.11.16"]
[Round "2.23"]
[White "Nickl,K"]
[Black "Karasev,Vl"]
[Result "1/2-1/2"]
[WhiteElo "2172"]
[BlackElo "2377"]

1.d4 Nf6 2.Bg5 Ne4 3.Bf4 d5 4.e3 c5 5.c3 Nc6 6.Nd2 Nxd2 7.Qxd2 f6 8.Bb5 a6
9.Bxc6+ bxc6 10.Ne2 a5 11.O-O e6 12.f3 Bd6 13.Bxd6 Qxd6 14.Rfe1 O-O 15.dxc5 Qxc5
16.b4 Qd6 17.a3 Ba6 18.Nd4 Bc4 19.e4 dxe4 20.fxe4 Rfd8 21.Qe3 c5 22.bxc5 Qxc5
23.a4 Rab8 24.e5 fxe5 25.Qxe5 Bd5 26.Re3 Qd6 27.Nb5 Qxe5 28.Rxe5 Rbc8 29.Rd1 Kf7
30.Rd4 Rc4 31.Rxc4 Bxc4 32.Rc5 Rd1+ 33.Kf2 Bd5 34.c4 Be4 35.Nc3 Rd2+ 36.Ke1 Rd4
37.Nxe4 Rxe4+ 38.Kf2 Kf6 39.Rxa5 Rxc4 40.Ra7 h5 41.a5 Ra4 42.Ra8 Ke5 43.Rg8 Rxa5
44.Rxg7 Ke4 45.h4 Ra2+ 46.Kf1 Rd2 47.Rg6 Rd6 48.Kf2 Kf4 49.g3+ Ke4 50.g4 hxg4
51.Rxg4+ Kf5 52.Ra4 e5 53.Ke3 Rb6 54.Ra8 Rb3+ 55.Ke2 Kf4 56.Rf8+ Ke4 57.Kf2 Rh3
58.Rh8 Rf3+ 59.Kg2 Rf7 60.h5 Ke3 61.Kg3 e4 62.Kg4 Kf2 63.Re8 e3 64.h6 e2
65.Kg5  1/2-1/2

[Event "5th Mediterranean Open"]
[Site "Rijeka CRO"]
[Date "2011.11.16"]
[Round "6.29"]
[White "Orenda,O"]
[Black "Novak,Ivo"]
[Result "1-0"]
[WhiteElo "2167"]
[BlackElo "1764"]

1.d4 Nf6 2.Bg5 Ne4 3.Bf4 d5 4.f3 Nf6 5.e4 dxe4 6.Nc3 Bf5 7.Bc4 e6 8.Qd2 Bd6
9.Bg5 exf3 10.Nxf3 O-O 11.O-O-O Nbd7 12.Rhf1 c6 13.Nh4 Bg4 14.Rde1 Qc7 15.h3 Bh5
16.g4 Bg6 17.Nxg6 hxg6 18.Qd3 Nd5 19.h4 Rae8 20.h5 gxh5 21.gxh5 f5 22.Rxe6 Rxe6
23.Nxd5 cxd5 24.Bxd5 Kh8 25.Bxe6 Nf6 26.Rxf5 Nh7 27.Bd2 Nf6 28.h6 g6 29.Rf1 Kh7
30.Rg1 Bg3 31.Qxg3 Qxg3 32.Rxg3 Ne4 33.Rg1 Nxd2 34.Kxd2 Kxh6 35.d5  1-0

[Event "2nd Brno Open"]
[Site "Brno CZE"]
[Date "2011.11.17"]
[Round "7"]
[White "Vavra,P1"]
[Black "Bernadskiy,V"]
[Result "0-1"]
[WhiteElo "2389"]
[BlackElo "2439"]

1.d4 Nf6 2.Bg5 Ne4 3.h4 c5 4.d5 Qb6 5.Nd2 Nxg5 6.hxg5 Qxb2 7.e4 g6 8.Rb1 Qg7
9.Qf3 b6 10.Bb5 Na6 11.Ne2 Nc7 12.Ba4 h6 13.Qg3 Kd8 14.Qf3 hxg5 15.Rxh8 Qxh8
16.Qxf7 Qf6 17.Qh7 d6 18.Rb3 Qg7 19.Qxg7 Bxg7 20.Bc6 Rb8 21.Rg3 g4 22.Nf1 b5
23.Nh2 Be5 24.f4 gxf3 25.Rxg6 Nxd5 26.exd5 fxe2 27.Nf3 Bc3+ 28.Kxe2 b4 29.g4 Kc7
30.Rg8 Ba6+  0-1

[Event "5th Mediterranean Open"]
[Site "Rijeka CRO"]
[Date "2011.11.18"]
[Round "8.14"]
[White "Orenda,O"]
[Black "Battaglini,G"]
[Result "0-1"]
[WhiteElo "2167"]
[BlackElo "2423"]

1.d4 Nf6 2.Bg5 Ne4 3.Bf4 d5 4.f3 Nf6 5.e4 e6 6.Nc3 Bb4 7.e5 Nfd7 8.a3 Bxc3+
9.bxc3 c5 10.Bb5 Qa5 11.Bxd7+ Bxd7 12.Ne2 cxd4 13.Qxd4 Nc6 14.Qf2 Qa4 15.Rb1 b6
16.Qg3 Qxc2 17.Qxg7 O-O-O 18.Rc1 Qb2 19.Kf2 Rdg8 20.Qf6 Rxg2+ 21.Kxg2 Qxe2+
22.Kh3 Qxf3+ 23.Bg3 Qxf6 24.exf6 Rg8 25.Rhf1 e5+ 26.Kg2 Kc7 27.Rcd1 Kd6 28.Rf2 h5
29.Rfd2 Be6 30.c4 Rxg3+ 31.Kxg3 d4 32.Kh4 Kc5 33.Re1 Bxc4 34.Kxh5 Kd5 35.Kg5 d3
36.h4 Nd4 37.h5 Nf3+ 38.Kg4 Nxd2 39.h6 Ne4 40.Kf5 d2 41.Rd1 Bd3 42.h7 Nc3+
43.Kg5 Bxh7 44.Rxd2+ Ke6  0-1

[Event "Caissa IM November 2011"]
[Site "Kecskemet HUN"]
[Date "2011.11.19"]
[Round "1.1"]
[White "Meszaros,Gyu"]
[Black "Varga,Kl"]
[Result "1/2-1/2"]
[WhiteElo "2314"]
[BlackElo "2127"]

1.d4 Nf6 2.Bg5 Ne4 3.Bf4 c5 4.f3 Nf6 5.e4 cxd4 6.Qxd4 Nc6 7.Qd2 Qb6 8.c3 e6
9.Be3 Bc5 10.Bxc5 Qxc5 11.Ne2 d5 12.exd5 Qxd5 13.Qxd5 Nxd5 14.Na3 Ke7 15.Ng3 Bd7
16.Ne4 Ne5 17.Nc4 Nc6 18.Kf2  1/2-1/2

[Event "21st World Seniors"]
[Site "Rijeka CRO"]
[Date "2011.11.23"]
[Round "8.19"]
[White "Dragasevic,S"]
[Black "Karasev,Vl"]
[Result "0-1"]
[WhiteElo "2256"]
[BlackElo "2377"]

1.d4 Nf6 2.Bg5 Ne4 3.Bf4 d5 4.e3 c5 5.Bd3 Qb6 6.Bxe4 dxe4 7.Nc3 Na6 8.Nge2 cxd4
9.Qxd4 Qxd4 10.Nxd4 f6 11.Bg3 e5 12.Ndb5 Bd7 13.O-O-O Bc6 14.Nd6+ Bxd6 15.Rxd6 Ke7
16.Rhd1 Nc5 17.R6d2 a5 18.Nd5+ Bxd5 19.Rxd5 Rhc8 20.Kb1 Rd8 21.f4 exf3 22.gxf3 Rxd5
23.Rxd5 b6 24.Kc1 Ke6 25.e4 g5 26.Kd2 g4 27.Bf2 Nd7 28.fxg4 Rg8 29.h3 h5
30.Rb5 hxg4 31.hxg4 Rxg4 32.Kd3 Kd6 33.c4 Kc6 34.a3 a4 35.Rb4 Rg2 36.Be3 Rg3
37.Ke2 Nc5 38.Bxc5 Kxc5 39.Rb5+ Kxc4 40.Rxb6 Rb3 41.Rxf6 Rxb2+  0-1

[Event "25th Belgrade Trophy"]
[Site "Obrenovac SRB"]
[Date "2011.11.27"]
[Round "4.22"]
[White "Tasic,Z"]
[Black "Nikcevic,N"]
[Result "0-1"]
[WhiteElo "2157"]
[BlackElo "2412"]

1.d4 Nf6 2.Bg5 Ne4 3.Bf4 c5 4.f3 Qa5+ 5.c3 Nf6 6.d5 Qb6 7.b3 Nh5 8.Bg5 h6
9.Bh4 g5 10.Bf2 Bg7 11.e4 d6 12.Ne2 Nd7 13.a4 Ne5 14.a5 Qc7 15.Nc1 O-O 16.g4 Nf4
17.h4 e6 18.hxg5 hxg5 19.Be3 exd5 20.Bxf4 gxf4 21.Nd3 dxe4 22.Nxe5 Bxe5 23.Qc2 d5
24.Qh2 Re8 25.Qh6 Bg7 26.Qh7+ Kf8 27.Kd1 Bd7 28.Ra2 Qd6 29.Rh5 Qg6 30.Qxg6 fxg6
31.Rxd5 Be6 32.Rxc5 Bxb3+  0-1

[Event "TCh-SVK Extraliga 2011-12"]
[Site "Slovakia SVK"]
[Date "2011.11.27"]
[Round "4"]
[White "Janos,M"]
[Black "Macko,M"]
[Result "1-0"]
[WhiteElo "2252"]
[BlackElo "2146"]

1.d4 Nf6 2.Bg5 Ne4 3.Bf4 e6 4.f3 Bd6 5.Bxd6 Nxd6 6.e4 O-O 7.Nd2 f5 8.Bd3 Nc6
9.c3 b6 10.Qe2 Qh4+ 11.g3 Qh6 12.O-O-O e5 13.d5 Ne7 14.Kb1 f4 15.Qg2 Ng6
16.Nh3 Bb7 17.Rhg1 Rf7 18.g4 Nh4 19.Qf1 g5 20.Rh1 Rd8 21.Ng1 Kg7 22.Ne2 c6
23.c4 c5 24.Ng3 Kf6 25.Nf5 Nhxf5 26.exf5 Qh4 27.Qe2 Re7 28.Ka1 h5 29.gxh5 Rh8
30.Rdg1 Rxh5 31.h3 Rhh7 32.Rg4 Qh5 33.h4 Kf7 34.f6 Re8 35.Bxh7 Qxh7 36.Rxg5 Kxf6
37.Ne4+ Nxe4 38.fxe4 d6 39.Rhg1 Bc8 40.Qg2 Qxh4 41.Rh5 Qg3 42.Qh1 Qf2 43.Rg2  1-0

[Event "TCh-AUT 2 Mitte 2011-12"]
[Site "Steyregg AUT"]
[Date "2011.12.02"]
[Round "4"]
[White "Casagrande,H"]
[Black "Forstner,J"]
[Result "1-0"]
[WhiteElo "2321"]
[BlackElo "2113"]

1.d4 Nf6 2.Bg5 Ne4 3.h4 d5 4.Nd2 Nxd2 5.Qxd2 h6 6.Bf4 Bf5 7.Nf3 e6 8.Ne5 Nd7
9.g4 Nxe5 10.gxf5 Nc4 11.Qd3 Bd6 12.Bxd6 Qxd6 13.b3 Na3 14.fxe6 O-O 15.O-O-O fxe6
16.Rg1 Rf6 17.e4 Rxf2 18.e5 Qf8 19.Be2 c5 20.Rdf1 Qf4+ 21.Kb2 c4 22.Qg6 Qxd4+
23.Kxa3 Qc5+ 24.b4 Qe3+ 25.Bd3  1-0

[Event "Porec Open 2011"]
[Site "Porec CRO"]
[Date "2011.12.04"]
[Round "7.3"]
[White "Havas,Ja"]
[Black "Zufic,M"]
[Result "1/2-1/2"]
[WhiteElo "2174"]
[BlackElo "2409"]

1.d4 Nf6 2.Bg5 Ne4 3.Bh4 c5 4.f3 g5 5.fxe4 gxh4 6.e3 Bh6 7.Nd2 Bxe3 8.d5 d6
9.Nc4 Bh6 10.a4 Nd7 11.Qh5 Bg7 12.Nf3 O-O 13.Bd3 Ne5 14.Nfxe5 dxe5 15.Qxh4 e6
16.Qxd8 Rxd8 17.d6 b6 18.O-O-O Rb8 19.Be2 Bb7 20.Bf3 Bc6 21.b3 a6 22.a5 b5
23.Nb6 Bf8 24.d7 c4 25.Rhf1 Ba3+ 26.Kb1 Bb4 27.Bh5 cxb3 28.Bxf7+ Kh8 29.Bxe6 bxc2+
30.Kxc2 Bxe4+ 31.Kb2 Bxa5 32.Nd5 Bxg2 33.Rf2 Be4 34.Nf6 Bg6 35.Rd6 Bb4 36.Rxa6 Rf8
37.Ng4 e4 38.Rxf8+ Rxf8 39.Rc6 Ba5 40.Rc8 Bd8 41.Ne5 e3 42.Bg4 Kg7 43.Nc6 Bf6+
44.Kc1 Bg5 45.Kb2 Rf2+ 46.Kb3 Bf7+ 47.Kc3 e2 48.Re8 Bf6+ 49.Kd2 Bc4 50.Bxe2 Rxh2
51.d8=Q Bxd8 52.Nxd8 b4 53.Re4 Rxe2+ 54.Rxe2 Bxe2 55.Kxe2 Kf6 56.Nc6 b3 57.Kd3 h5
58.Nd4 b2 59.Kc2 h4 60.Kxb2 h3 61.Nf3 Kf5 62.Kc3 Kf4 63.Nh2 Kg3 64.Nf1+ Kf2
65.Nh2 Kg2 66.Ng4 Kg3 67.Ne3 Kf3 68.Nf1 Ke4  1/2-1/2

[Event "80th Anniversary Mollet GM"]
[Site "Mollet del Valles ESP"]
[Date "2011.12.05"]
[Round "6"]
[White "Rojas Keim,L"]
[Black "Cruz,Jon"]
[Result "1/2-1/2"]
[WhiteElo "2397"]
[BlackElo "2386"]

1.d4 Nf6 2.Bg5 Ne4 3.Bf4 e6 4.Nd2 Nf6 5.e3 c5 6.c3 b6 7.Ngf3 Bb7 8.Bd3 Be7
9.h3 O-O 10.O-O d6 11.Qe2 Nbd7 12.e4 Re8 13.e5 Nd5 14.Bg3 cxd4 15.exd6 Bf8
16.cxd4 Nb4 17.Be4 Ba6 18.Qd1 Nd5 19.Re1 N7f6 20.Bxd5 Nxd5 21.Qa4 Bb7 22.Ne4 Nf6
23.Nxf6+ gxf6 24.Nd2 Bxd6 25.Bxd6 Qxd6 26.Ne4 Bxe4 27.Rxe4 f5 28.Re3  1/2-1/2